[Event "IECC Swiss email"]
[Site "IECC email"]
[Date "2001.09.29"]
[Round "?"]
[White "Jalyl, Ahmed Ali"]
[Black "Peterson, Eric J"]
[Result "0-1"]
[WhiteElo "1649"]
[BlackElo "1483"]
[PlyCount "72"]
[EventDate "2001.??.??"]
[EventType "tourn (corr)"]
[EventRounds "6"]
[SourceTitle "Corr 2008"]
[Source "ChessBase"]
[SourceDate "2008.06.24"]
[SourceVersion "1"]
[SourceVersionDate "2008.06.24"]
[SourceQuality "1"]

1. e4 d5 2. exd5 Qxd5 3. Nc3 Qd8 4. d4 Nf6 5. Bc4 Bg4 6. Nge2 e6 7. 0-0 Bb4 8. f3 Bf5 9. g4 Bg6 10. g5 Nfd7 11. d5 Bc5+ 12. Kh1 Nb6 13. Bb5+ c6 14. dxc6 Nxc6 15. Bxc6+ bxc6 16. Ne4 Bxe4 17. fxe4 0-0 18. Bf4 Nc4 19. b3 Ne3 20. Qxd8 Raxd8 21. Rfc1 Rd2 22. Ng1 Rf2 23. Nh3 Rf3 24. Bxe3 Rxe3 25. Nf2 Re2 26. Nd3 Be7 27. Re1 Rxc2 28. h4 Rd8 29. Re3 f6 30. Ne1 Rf2 31. Nd3 Rd2 32. Nf4 e5 33. Ne6 R8d6 34. gxf6 Bxf6 35. Ng5 Bxg5 36. hxg5 Rg6 0-1

[Event "IECC Swiss email"]
[Site "IECC email"]
[Date "2001.04.02"]
[Round "?"]
[White "Peterson, Eric J"]
[Black "Jorgensen, Frank Lyde"]
[Result "1/2-1/2"]
[WhiteElo "1484"]
[BlackElo "1466"]
[PlyCount "54"]
[EventDate "2001.??.??"]
[EventType "tourn (corr)"]
[EventRounds "6"]
[SourceTitle "Corr 2008"]
[Source "ChessBase"]
[SourceDate "2008.06.24"]
[SourceVersion "1"]
[SourceVersionDate "2008.06.24"]
[SourceQuality "1"]

1. e4 e5 2. Nf3 Nc6 3. Bc4 Bc5 4. b4 Bb6 5. a4 a6 6. Ba3 d6 7. b5 Nce7 8. bxa6 bxa6 9. 0-0 Nf6 10. d3 Be6 11. Bxe6 fxe6 12. Nbd2 0-0 13. Nc4 Rb8 14. Rb1 Qd7 15. c3 Ng6 16. Qc2 Qc6 17. Rb4 Nd7 18. Rfb1 Bc5 19. Na5 Qa8 20. Rxb8 Rxb8 21. Rxb8+ Qxb8 22. Bb2 Qb6 23. Nc4 Qc6 24. d4 exd4 25. cxd4 Bb6 26. Ng5 d5 27. exd5 Qxd5 1/2-1/2

[Event "SEMI B018 email"]
[Site "SEMI email"]
[Date "2001.02.20"]
[Round "?"]
[White "Signorin, Luca"]
[Black "Peterson, Eric J"]
[Result "0-1"]
[WhiteElo "1450"]
[BlackElo "1300"]
[PlyCount "104"]
[EventDate "2001.02.20"]
[EventType "tourn (corr)"]
[EventRounds "6"]
[EventCountry "ITA"]
[SourceTitle "Corr 2004"]
[Source "ChessBase"]
[SourceDate "2003.04.28"]
[SourceVersion "3"]
[SourceVersionDate "2003.04.28"]
[SourceQuality "1"]

1. e4 d6 2. d4 Nf6 3. Nc3 g6 4. Nf3 c6 5. Bc4 Bg7 6. Bb3 0-0 7. 0-0 Bg4 8. h3 Bxf3 9. Qxf3 Nbd7 10. Be3 e5 11. Rfd1 exd4 12. Bxd4 Qc7 13. Rd2 Ne5 14. Qe2 Nh5 15. Be3 b5 16. Rad1 Rfd8 17. f4 Nc4 18. Bxc4 bxc4 19. Qxc4 Bxc3 20. Qxc3 Ng3 21. e5 d5 22. Qa3 Ne4 23. Rd3 a5 24. b3 Rd7 25. c4 Rad8 26. Qa4 Ng3 27. Kh2 Nf5 28. Bd2 Ra8 29. Bc3 Ng7 30. cxd5 Rxd5 31. Rxd5 cxd5 32. Be1 Qb7 33. Bxa5 Ne6 34. Rc1 d4 35. g3 Qf3 36. Rg1 Nxf4 37. gxf4 Qxf4+ 38. Kh1 Rc8 39. Bd2 Qxd2 40. Qd7 Qc3 41. Rf1 Rf8 42. Qg4 Qe3 43. Rf4 d3 44. Rd4 Re8 45. Qe4 Qxh3+ 46. Kg1 Rc8 47. Qf4 Rc2 48. Rd8+ Kg7 49. Qf6+ Kh6 50. Qf4+ Kh5 51. Qf2 Rc1+ 52. Qf1 Rxf1# 0-1

[Event "SEMI ECT 4-B email"]
[Site "SEMI email"]
[Date "2000.??.??"]
[Round "?"]
[White "Peterson, Eric J"]
[Black "Lilja, Gunnar"]
[Result "0-1"]
[WhiteElo "1275"]
[BlackElo "1400"]
[PlyCount "57"]
[EventDate "2000.04.??"]
[EventType "tourn (corr)"]
[EventRounds "8"]
[EventCountry "ITA"]
[SourceTitle "Corr 2008"]
[Source "ChessBase"]
[SourceDate "2008.06.24"]
[SourceVersion "1"]
[SourceVersionDate "2008.06.24"]
[SourceQuality "1"]

1. e4 e5 2. Nf3 Nc6 3. Bc4 Nf6 4. d3 d5 5. exd5 Nxd5 6. 0-0 Bg4 7. h3 Be6 8. Re1 f6 9. Bb5 Qd6 10. Nbd2 0-0-0 11. Nc4 Qc5 12. Bxc6 Qxc6 13. Na5 Qa4 14. Nc4 Bc5 15. Bd2 g5 16. b3 Qd7 17. Nh2 h5 18. Ne3 Qc6 19. c4 Nf4 20. Qf3 e4 21. Qxe4 Qxe4 22. dxe4 Rxd2 23. Nhf1 Rb2 24. Reb1 Ne2+ 25. Kh1 Rxb1 26. Rxb1 Nc3 27. Rb2 Rd8 28. Nd5 Nxe4 29. Nfe3 0-1

[Event "SEMI ECT 4-B email"]
[Site "SEMI email"]
[Date "2000.??.??"]
[Round "?"]
[White "Peterson, Eric J"]
[Black "Mellings, David"]
[Result "1-0"]
[WhiteElo "1275"]
[BlackElo "1000"]
[PlyCount "86"]
[EventDate "2000.04.??"]
[EventType "tourn (corr)"]
[EventRounds "8"]
[EventCountry "ITA"]
[SourceTitle "Corr 2008"]
[Source "ChessBase"]
[SourceDate "2008.06.24"]
[SourceVersion "1"]
[SourceVersionDate "2008.06.24"]
[SourceQuality "1"]

1. e4 c5 2. Nf3 Nc6 3. d3 e5 4. g3 Nf6 5. Bg2 Be7 6. 0-0 0-0 7. Re1 d5 8. exd5 Nd4 9. Nxe5 Bd6 10. Nc4 Nb5 11. Bg5 b6 12. Nxd6 Qxd6 13. c4 Nd4 14. Bf4 Bg4 15. f3 Qd7 16. fxg4 Nxg4 17. Nc3 Rae8 18. Qd2 a6 19. Rxe8 Rxe8 20. Re1 f6 21. Rxe8+ Qxe8 22. h3 Ne5 23. Bxe5 fxe5 24. Ne2 Qe7 25. Nxd4 exd4 26. Be4 b5 27. Qe2 Qg5 28. Kg2 bxc4 29. dxc4 Qe5 30. Qf3 d3 31. Bxh7+ Kxh7 32. Qxd3+ Kg8 33. d6 Qxb2+ 34. Kf3 Qf6+ 35. Kg2 Qb2+ 36. Kg1 Qc1+ 37. Kf2 Qb2+ 38. Ke3 Qe5+ 39. Kf3 Qf6+ 40. Kg4 Qe6+ 41. Kf4 Qf6+ 42. Qf5 Qxd6+ 43. Qe5 Qd2+ 1-0